| 000 | 00868nam0a22002411 4500 | ||
|---|---|---|---|
| 001 | v19\rc\1248864 | ||
| 005 | 20250617234510.0 | ||
| 035 | _a(NLR Aleph) 004405407 | ||
| 090 |
_a3933416 _c3933416 |
||
| 100 | _a20060306d1877 |||y0rusy50 ca | ||
| 101 | 0 | _arus | |
| 102 | _aRU | ||
| 105 | _ay z ||||| | ||
| 200 | 1 |
_aСпособ П. Манéс для обработки меди и бронзы марганцовой медью _aСпособ употребления марганцовой меди _fП. Манéс и сын в Лионе |
|
| 210 |
_a[Санкт-Петербург] _cтип. Тренке и Фюсно _dценз. 1877 |
||
| 215 | _a[3] с. | ||
| 309 | _aБез тит. л. и обл. | ||
| 702 | 1 |
_aМанес _bП. _4570 |
|
| 801 | 0 |
_aRU _bNLR _gpsbo |
|
| 801 | 1 |
_aRU _bProSoft-M _2rusmarc |
|
| 852 |
_aNLR _j18.127.1.176 |
||
| 942 | _cBOOK | ||
| 980 | _aNB | ||